| 000 | 00632nam a2200205Ia 4500 | ||
|---|---|---|---|
| 001 | 8952 | ||
| 003 | GE_BSU | ||
| 008 | 181216s||||||||xx |||||||||||||| ||und|| | ||
| 040 | _cGE_BSU | ||
| 080 | _a821.353.1–32 | ||
| 100 | _aკახიანი,გივი | ||
| 245 | _aმოთხრობები | ||
| 245 | _cრედ.ლ.ბრეგვაძე,მხატვ.ჯ.ყავლაშვილი | ||
| 260 | _aთბილისი | ||
| 260 | _bსაბჭოთა საქართველო | ||
| 260 | _c1982 | ||
| 300 | _a119გვ.16სმ. | ||
| 653 | _aმოთხრობები | ||
| 942 | _cBK | ||
| 999 |
_c42257 _d42257 |
||